000 00572nam a2200181 a 4500
001 59514
005 20180714060507.0
008 140415s2007 sp 000 0 spa d
020 _a9788481749892
041 _aspa
082 _a611.0189314
_bAVE
245 0 0 _aPRINCIPIOS DE HISTOLOGIA Y EMBRIOLOGIA BUCAL CON ORIENTACION CLINICA
250 _a3a ed.
260 _aESPAÑA :
_bELSEVIER INC.,
_c2007
300 _a240
_c21 x 1 x 27
700 1 _aGÖTZENS GARCIA, VICTOR
_etr.
740 _aESSENTIALS OF ORAL HISTOLOGY AND EMBRYOLOGY: CLINICAL APPROACH
999 _c59514
_d59514